Statistics for Middle Ages Quiz

Click here to take the quiz!

General Stats

  • This quiz has been taken 101 times
  • The average score is 12 of 15

Answer Stats

QuestionAnswer% Correct
In which country did Buddhism become the main religion?China
94%
Who was the prophet of Islam?Muhammad
94%
Who lead the Mongol Empire?Genghis Khan
91%
Which country made gunpowder?China
89%
Which one of these areas did Charlemagne rule?France
89%
What were the crusaders sent to do?Reclaim the Holy Land of Jerusalem from the Muslims
89%
Which war starting in 1337 would last 116 years?The Hundred Years' War
88%
Which Disease was the cause of the Black Death?The Bubonic Plague
87%
The collapse of which empire started the Middle Ages?The Roman Empire
87%
Which Italian poet wrote "The Divine Comedy"?Dante Alighieri
81%
Which document limited the power of monarch in England?The Magna Carta
80%
Who won the Battle of Hastings?William of Normandy
78%
Which was the dramatic event in which emperor Henry IV and Pope Gregory VII met?The Walk to Canossa
61%
Which king made a pilgrimage to mecca in 1324-25?Mansa Musa
43%
Which pact caused the Great Schism?The Bull of Excommunication
32%

Score Distribution

Percentile by Number Answered

Percent of People with Each Score

Your Score History

You have not taken this quiz